Emmanuel Macron ou OSS117 - Statistiques

Statistiques générales
  • Ce quiz a été pris 1 996 fois
  • Le résultat moyen est 9 sur 14
Statistiques - réponses
Question Réponse % Correct
Je ne céderai rien ni aux fainéants, ni aux cyniques, ni aux extrêmes Macron
90%
Une dictature c'est quand les gens sont communistes, déjà. Qu'ils ont froid, avec des chapeaux gris et des chaussures à fermeture éclair. C'est ça, une dictature OSS117
90%
Une gare, c'est un lieu où on croise les gens qui réussissent et ceux qui ne sont rien Macron
76%
Je n'aime pas ce terme de modèle social Macron
72%
Attention, je n'ai rien contre la modernité; mais ça ne marche pas. OSS117
70%
Vous n'allez pas me faire peur avec votre tee-shirt. La meilleure façon de se payer un costard, c'est de travailler Macron
68%
Le libéralisme est une valeur de gauche Macron
63%
Le jour où tu veux faire la révolution tu apprends d'abord à avoir un diplôme et à te nourrir toi-même Macron
60%
Être élu est un cursus d'un ancien temps Macron
57%
Je sais pas si vous êtes au courant mais le monde, il vous attend pas, le monde il bouge et il bouge vite! Et vous n'allez pas tarder à rester sur le carreau moi je vous le dit ! Parce que là vous êtes en vacances très bien mais à la rentrée... OSS117
57%
Bon ok admettons vous avez pris une année sabbatique très bien mais l'année prochaine, vous avez pensé à ça ? L'année prochaine ? C'est pas le monde qui va se plier à vos désirs mes enfants ! C'est pas 68, année de la jeunesse, c'est pas comme ça que ça se passe OSS117
57%
Les salariés doivent pouvoir travailler plus, sans être payés plus Macron
55%
On dira ce qu'on veut, la France ça reste le pays des 400 fromages OSS117
50%
Parce que jamais je ne cèderai devant la barbarie. OSS117
48%
Aucun quiz correspondant
Distribution des résultats
% des personnes avec chaque résultat
Percentile par nombre de réponses
Votre historique - résultats
Vous n’avez pas pris ce quiz